Normal view MARC view

Entry Personal Name

Number of records used in: 1

001 - CONTROL NUMBER

  • control field: 9705

003 - CONTROL NUMBER IDENTIFIER

  • control field: DLC

005 - DATE AND TIME OF LATEST TRANSACTION

  • control field: 20231007152442.0

008 - FIXED-LENGTH DATA ELEMENTS

  • fixed length control field: 950511n| azannaabn |n aaa

010 ## - LIBRARY OF CONGRESS CONTROL NUMBER

  • LC control number: n 95046994

016 ## - NATIONAL BIBLIOGRAPHIC AGENCY CONTROL NUMBER

  • Record control number: 1037A1612E

035 ## - SYSTEM CONTROL NUMBER

  • System control number: (OCoLC)oca03835185

040 ## - CATALOGING SOURCE

  • Original cataloging agency: DLC
  • Language of cataloging: eng
  • Description conventions: rda
  • Transcribing agency: DLC
  • Modifying agency: DLC
  • Modifying agency: OCoLC
  • Modifying agency: IlMpPL
  • Modifying agency: DLC
  • Modifying agency: CaOONL
  • Modifying agency: ScU

042 ## - AUTHENTICATION CODE

  • Authentication code: nlc

046 ## - SPECIAL CODED DATES

  • Birth date: 1965-02-28
  • Source of date scheme: edtf

053 #0 - LC CLASSIFICATION NUMBER

  • Classification number element--single number or beginning number of span: PR6063.C335

100 1# - HEADING--PERSONAL NAME

  • Personal name: McCann, Colum,
  • Dates associated with a name: 1965-

370 ## - ASSOCIATED PLACE

  • Place of birth: Dublin (Ireland)
  • Place of residence/headquarters: New York (N.Y.)
  • Source of term: naf

372 ## - FIELD OF ACTIVITY

  • Field of activity: Fiction
  • Field of activity: Literature
  • Field of activity: Creative writing
  • Field of activity: English language
  • Source of term: lcsh

373 ## - ASSOCIATED GROUP

  • Associated group: Hunter College
  • Source of term: naf

374 ## - OCCUPATION

  • Occupation: Authors
  • Occupation: Novelists
  • Occupation: College teachers
  • Source of term: lcsh

377 ## - ASSOCIATED LANGUAGE

  • Language code: eng

670 ## - SOURCE DATA FOUND

  • Source citation: Songdogs, 1995:
  • Information found: CIP t.p. (Colum McCann) pub. info. (b. 1965 in Dublin; lives in New York; teaches English as a 2nd language)

670 ## - SOURCE DATA FOUND

  • Source citation: TransAtlantic, ©2013:
  • Information found: container (Colum McCann is an international bestselling novelist; received the National Book Award and the International IMPAC Dublin Literary Award; his website is www.colummccann.com)

670 ## - SOURCE DATA FOUND

  • Source citation: Letters to young readers, 2017 :
  • Information found: title page (Colum McCann) about the author (Lives in New York City)

670 ## - SOURCE DATA FOUND

  • Source citation: Colum McCann website, About Colum page, viewed on January 14, 2019
  • Information found: (born and raised in Dublin, Ireland; co-founder of the charity Narrative4, a non-profit global story exchange organization; teaches at the MFA program at Hunter College; currently lives in New York)
  • Uniform Resource Identifier: http://colummccann.com/about-colum/

670 ## - SOURCE DATA FOUND

  • Source citation: Wikipedia, viewed on January 14, 2019
  • Information found: (born on February 28, 1965; Distinguised Professor of Creative Writing in the Master of Fine Arts Program at Hunter College in New York)

Powered by Koha